000 00892nam a2200217 a 4500
001 70944
003 BD-RjUL
005 20211209082046.0
008 170423s1944 ii |||| |||| 000 0 ben d
035 _a(BD-RjUL)71158
040 _aBD-RjUL
_bben
_cBD-RjUL
_dBD-RjUL
041 _aben
082 _223
_a551.03
_bKOB 1944
110 1 _aকলিকাতা বিশ্ববিদ্যালয়
_9209949
245 1 0 _aবৈজ্ঞানিক পরিভাষা :
_bভূবিদ্যা /
_cকলিকাতা বিশ্ববিদ্যালয়
260 _aকলিকাতা :
_bকলিকাতা বিশ্ববিদ্যালয় প্রেস,
_c১৯৪৪
300 _a১২ পৃ.;
_c৩৪ সেমি.
650 _aভূবিদ্যা
_vঅভিধান
_9178483
650 _aGeology
_vDictionaries
_9181929
942 _2ddc
_cBK
999 _c70944
_d70944